OBSE a boj s terorismem: důsledky pro její roli

Po teroristických útokoch v USA z 11. septembra 2001 sa boj s terorizmom stal jednou z priorít pre medzinárodné organizácie zaoberajúce sa bezpečnosťou. Boj proti terorizmu ako nový predmet pôsobenia v rámci Organizácie pre bezpečnosť a spoluprácu v Európe (OBSE). Podstata zvoleného prístupu. Doku...

Ausführliche Beschreibung

Gespeichert in:
Bibliographische Detailangaben
1. Verfasser: Karlas, Jan
Format: Buchkapitel
Sprache:Tschechisch
Schlagworte:
Tags: Tag hinzufügen
Keine Tags, Fügen Sie das erste Tag hinzu!

MARC

LEADER 00000naa$a2200000$$$4500
001 0005808
005 20231016091239.7
041 0 |a cze 
044 |a CZ 
245 1 0 |a OBSE a boj s terorismem: důsledky pro její roli  |c Jan Karlas 
520 |a Po teroristických útokoch v USA z 11. septembra 2001 sa boj s terorizmom stal jednou z priorít pre medzinárodné organizácie zaoberajúce sa bezpečnosťou. Boj proti terorizmu ako nový predmet pôsobenia v rámci Organizácie pre bezpečnosť a spoluprácu v Európe (OBSE). Podstata zvoleného prístupu. Dokument Akčný plán. Prístupy členských štátov organizácie OBSE k boji proti terorizmu. 
610 2 0 |a terorizmus 
610 2 0 |a organizácie medzinárodné 
610 2 0 |a politika bezpečnostná 
610 2 0 |a Európska únia 
610 2 0 |a USA 
100 1 |a Karlas, Jan